00614cam a22002177a 4500003000500000005001700005008004100022010001000063011001000073035001000083040000900093110000800102245012000110260002300230300001000253490003800263650001400301650002100315700002200336830003800358CHAP20220817042501.0971013s1953 r 00010 d a45977 a46949 a51090 cCHAP aFAO14aLos reconocimientos catastrales y el registro de la propiedad rústicab: un estudio sobre el régimen de tierras aRoma :bFAO,c1953 a75 p. 0aFAO. Estudios agropecuariosv; 1814aCatastro.14aDerecho agrario.0 aBinns, Bernard O.0 aFAO. Estudios agropecuariosv; 18